Modern Food Microbiology (Record no. 14841)
[ view plain ]
| 000 -LEADER | |
|---|---|
| fixed length control field | 00304nam a22001337a 4500 |
| 020 ## - INTERNATIONAL STANDARD BOOK NUMBER | |
| ISBN | 9813045078 |
| 082 ## - DEWEY DECIMAL CLASSIFICATION NUMBER | |
| Classification number | 664 |
| Item number | JAY/MO |
| 100 ## - MAIN ENTRY--AUTHOR NAME | |
| Personal name | Jay,James.M |
| 245 ## - TITLE STATEMENT | |
| Title | Modern Food Microbiology |
| 250 ## - EDITION STATEMENT | |
| Edition statement | 4 |
| 260 ## - PUBLICATION, DISTRIBUTION, ETC. (IMPRINT) | |
| Place of publication | New Delhi |
| Name of publisher | CBS Publishers & Distributors |
| Year of publication | 2005 |
| 300 ## - PHYSICAL DESCRIPTION | |
| Number of Pages | 701 |
| 942 ## - ADDED ENTRY ELEMENTS (KOHA) | |
| Koha item type | Books |
| Withdrawn status | Lost status | Damaged status | Collection code | Home library | Current library | Shelving location | Date acquired | Source of acquisition | Cost, normal purchase price | Full call number | Accession Number | Koha item type |
|---|---|---|---|---|---|---|---|---|---|---|---|---|
| KAUAET | KAUAET | General Stacks | 30/03/2017 | Neoti book Agency | 430.00 | 664.001 JAY/MO | 25276 | Books | ||||
| KAUAET | KAUAET | General Stacks | 30/03/2017 | Neoti book Agency | 430.00 | 664.001 JAY/MO | 25277 | Books |
